MARC

LEADER 00000nam0a2200000 4500
001 41537
005 20231031014412.0
035 |a (RuTPU)RU\TPU\book\42663 
090 |a 41537 
100 |a 20020624d1977 k y0rusy50 ca 
101 0 |a rus 
102 |a RU 
105 |a a z 001zy 
200 1 |a Теплообмен и гидравлическое сопротивление при движении газовзвеси в трубах  |f А. С. Сукомел, Ф. Ф. Цветков, Р. В. Керимов 
210 |a Москва  |c Энергия  |d 1977 
215 |a 193 с.  |c ил. 
320 |a Библиогр.: с. 180-191. 
610 1 |a физика 
610 1 |a дисперсные системы 
610 1 |a гидравлические сопротивления 
610 1 |a газовзвеси 
610 1 |a движение 
610 1 |a теплообмен 
610 1 |a трубы 
610 1 |a динамика 
675 |a 532.52  |v 3 
675 |a 536.2  |v 3 
700 1 |a Сукомел  |b А. С.  |g Александр Семенович 
701 1 |a Цветков  |b Ф. Ф.  |g Федор Федотович 
701 1 |a Керимов  |b Р. В.  |g Расул Валиевич 
801 1 |a RU  |b 63413507  |c 20020624  |g PSBO 
801 2 |a RU  |b 63413507  |c 20140428  |g PSBO 
942 |c BK